00510nam a2200169Ia 4500003000900000008004100009020001800050040001600068080002500084100002400109245009900133260004700232300001400279650001700293650001000310650002000320IN-BaIIA211028s9999 xx 000 0 eng d a90-5699-012-8 cIIA Library a524.38(083.8)bCHE-I aCherepashchuk, A. M 0aHighly evolved close binary starscA. M Cherepashchuk  aAustraliabGordon and Breach Sciencec1996 axv, 346p. aBinary stars aStars aStars - catalog